| 000 | 00501nam a22002057a 4500 | ||
|---|---|---|---|
| 003 | OSt | ||
| 005 | 20160510143629.0 | ||
| 008 | 160510b xxu||||| |||| 00| 0 eng d | ||
| 020 | _a1859961576 | ||
| 040 | _cDDC. | ||
| 082 | _a572.46LAW 2001. | ||
| 100 |
_aLawlor,W.David. _98644 |
||
| 245 | _aPhotosynthesis. | ||
| 250 | _a3rd ed. | ||
| 260 |
_aUK _bBios, _c2001. |
||
| 300 |
_axii,386p; _bill; _c24cm. |
||
| 504 | _aincludes References and index. | ||
| 650 |
_abiology _95602 |
||
| 942 |
_2ddc _cSLOAN |
||
| 999 |
_c3946 _d3946 |
||